[Event "EU-ch U18 Girls 23rd"]
[Site "Budva"]
[Date "2013.10.05"]
[Round "6"]
[White "Usoltseva, Polina"]
[Black "Turk, Tajana"]
[Result "0-1"]
[WhiteElo "1862"]
[BlackElo "1936"]
[PlyCount "84"]
[EventDate "2013.09.29"]
[EventType "swiss"]
[EventRounds "9"]
[EventCountry "MNE"]
[SourceTitle "CBM 156 Extra"]
[Source "ChessBase"]
[SourceDate "2013.10.22"]
[SourceVersion "1"]
[SourceVersionDate "2013.10.22"]
[SourceQuality "1"]

1. c4 e6 2. Nc3 d5 3. d4 Nf6 4. Bg5 Be7 5. cxd5 exd5 6. Qc2 c6 7. e3 Be6 8. Bd3 h6 9. Bxf6 Bxf6 10. b4 Qe7 11. Rb1 0-0 12. Nge2 Rd8 13. 0-0 Nd7 14. a4 b6 15. Rfc1 c5 16. bxc5 bxc5 17. Nf4 cxd4 18. Nfxd5 Bxd5 19. Nxd5 Qd6 20. Nxf6+ Nxf6 21. exd4 Qxd4 22. Rd1 Qe5 23. Re1 Qa5 24. Re7 Rd7 25. Rbe1 Qd8 26. Rxd7 Qxd7 27. Bc4 Re8 28. Rxe8+ Qxe8 29. a5 Qe1+ 30. Bf1 Qxa5 31. Qc8+ Kh7 32. Qb7 Qa2 33. g3 a5 34. Bd3+ g6 35. Qc7 Ne8 36. Qc5 a4 37. Bc4 Qb1+ 38. Kg2 Qe4+ 39. f3 Qc2+ 40. Kh3 Nd6 41. Qxd6 Qxc4 42. f4 Qe6+ 0-1

[Event "POL-UKR U26"]
[Site "Lublin"]
[Date "2012.11.24"]
[Round "5.5"]
[White "Usoltseva, Polina"]
[Black "Bartel, Marta"]
[Result "0-1"]
[WhiteElo "1833"]
[BlackElo "2287"]
[PlyCount "58"]
[EventDate "2012.11.21"]
[EventType "team-tourn"]
[EventRounds "5"]
[EventCountry "POL"]
[SourceTitle "CBM 151 Extra"]
[Source "ChessBase"]
[SourceDate "2012.12.18"]
[SourceVersion "1"]
[SourceVersionDate "2012.12.18"]
[SourceQuality "1"]
[WhiteTeam "Odessa Civil Engineering"]
[BlackTeam "Warsaw Univ"]
[WhiteTeamCountry "UKR"]
[BlackTeamCountry "POL"]

1. e4 g6 2. g3 Bg7 3. Bg2 d6 4. d4 c5 5. dxc5 Qa5+ 6. c3 Qxc5 7. Be3 Qc7 8. Ne2 Nf6 9. h3 Nc6 10. Na3 0-0 11. 0-0 a6 12. Nc4 b5 13. Nb6 Rb8 14. Nxc8 Rfxc8 15. Rc1 a5 16. Qd2 a4 17. f4 Na5 18. Bf2 Qc4 19. e5 Ne4 20. Bxe4 Qxe4 21. exd6 Nc4 22. Qc2 Nxd6 23. Bd4 Qe6 24. Kh2 Qxa2 25. Bxg7 Kxg7 26. Nd4 e6 27. Rfe1 b4 28. Ra1 Qd5 29. Rxa4 Qxd4 0-1

[Event "EU-ch U16 Girls"]
[Site "Batumi"]
[Date "2010.09.24"]
[Round "6"]
[White "Parjiani, Tekla"]
[Black "Usoltseva, Polina"]
[Result "1/2-1/2"]
[WhiteElo "1893"]
[BlackElo "1822"]
[PlyCount "70"]
[EventDate "2010.09.20"]
[EventType "swiss"]
[EventRounds "9"]
[EventCountry "GEO"]
[SourceTitle "CBM 138 Extra"]
[Source "ChessBase"]
[SourceDate "2010.10.29"]
[SourceVersion "1"]
[SourceVersionDate "2010.10.29"]
[SourceQuality "1"]

1. d4 e6 2. c4 b6 3. a3 Bb7 4. Nc3 f5 5. Nf3 d6 6. g3 Nf6 7. Bg5 Be7 8. Bxf6 Bxf6 9. Bg2 0-0 10. 0-0 Nd7 11. e3 a6 12. Rc1 Qe7 13. Re1 g5 14. e4 g4 15. Nd2 Bxd4 16. exf5 Bxg2 17. Qxg4+ Qg7 18. Qxg7+ Kxg7 19. Kxg2 Rxf5 20. Nde4 Raf8 21. Re2 Ne5 22. Rd2 Bxf2 23. Nxf2 Rxf2+ 24. Rxf2 Rxf2+ 25. Kxf2 Nd3+ 26. Ke3 Nxc1 27. b4 Nb3 28. Kd3 c5 29. b5 axb5 30. Nxb5 d5 31. Nc7 dxc4+ 32. Kxc4 Nd4 33. Na8 b5+ 34. Kxc5 Nc2 35. Kxb5 Nxa3+ 1/2-1/2

[Event "Geller Memorial op-A 6th"]
[Site "Odessa"]
[Date "2010.08.25"]
[Round "5"]
[White "Usoltseva, Polina"]
[Black "Lomakin, Viktor"]
[Result "1/2-1/2"]
[WhiteElo "1822"]
[BlackElo "2092"]
[PlyCount "97"]
[EventDate "2010.08.21"]
[EventType "swiss"]
[EventRounds "9"]
[EventCountry "UKR"]
[SourceTitle "CBM 138 Extra"]
[Source "ChessBase"]
[SourceDate "2010.10.29"]
[SourceVersion "1"]
[SourceVersionDate "2010.10.29"]
[SourceQuality "1"]

1. e4 c5 2. Nf3 e6 3. d3 Nc6 4. g3 g6 5. d4 cxd4 6. Nxd4 d6 7. Nxc6 bxc6 8. c4 Bg7 9. Bg2 Ne7 10. 0-0 Rb8 11. Qc2 c5 12. Nc3 0-0 13. Bf4 Nc6 14. Nb5 e5 15. Be3 a6 16. Nc3 Be6 17. Nd5 Nd4 18. Bxd4 cxd4 19. Rab1 Qd7 20. Qd2 f5 21. b4 f4 22. f3 fxg3 23. hxg3 Rfc8 24. Rfc1 h5 25. Qg5 Bxd5 26. exd5 Kh7 27. Qh4 Qf7 28. Qe4 Bh6 29. Rc2 Be3+ 30. Kh2 Kg7 31. Bh3 Rf8 32. Kg2 h4 33. Be6 Qf6 34. c5 dxc5 35. Rxc5 Qg5 36. Rc2 Kh6 37. Qxh4+ Qxh4 38. gxh4 Rf4 39. d6 Rd8 40. d7 d3 41. Rc8 Bb6 42. Rxd8 Bxd8 43. Rd1 Rd4 44. a4 d2 45. b5 axb5 46. axb5 Rd6 47. Bg4 Kg7 48. Kf2 Ba5 49. Ke2 1/2-1/2

[Event "UKR-ch U16 Girls"]
[Site "Lugansk"]
[Date "2010.03.29"]
[Round "8"]
[White "Kolba, Anastasiya"]
[Black "Usoltseva, Polina"]
[Result "1-0"]
[WhiteElo "1971"]
[BlackElo "1813"]
[PlyCount "57"]
[EventDate "2010.03.23"]
[EventType "tourn"]
[EventRounds "11"]
[EventCountry "UKR"]
[SourceTitle "CBM 135 Extra"]
[Source "ChessBase"]
[SourceDate "2010.05.04"]
[SourceVersion "1"]
[SourceVersionDate "2010.05.04"]
[SourceQuality "1"]

1. d4 d5 2. c4 e6 3. cxd5 exd5 4. Nc3 c6 5. Bf4 Nf6 6. e3 Bf5 7. Nge2 Qb6 8. Qd2 Be7 9. Ng3 Bg6 10. h4 h5 11. Bd3 Bxd3 12. Qxd3 Ng4 13. Rb1 g6 14. f3 Nf6 15. Bg5 Nbd7 16. Nge2 0-0-0 17. 0-0 Ng8 18. b4 f6 19. Bf4 g5 20. Bg3 gxh4 21. Bf4 h3 22. b5 hxg2 23. Rfc1 c5 24. dxc5 Qe6 25. b6 axb6 26. Nxd5 Nxc5 27. Nxb6+ Qxb6 28. Qf5+ Rd7 29. Rxb6 1-0

[Event "UKR-ch U16 Girls"]
[Site "Lugansk"]
[Date "2010.03.29"]
[Round "9"]
[White "Usoltseva, Polina"]
[Black "Ivanenko, Olga I"]
[Result "0-1"]
[WhiteElo "1813"]
[BlackElo "2033"]
[PlyCount "58"]
[EventDate "2010.03.23"]
[EventType "tourn"]
[EventRounds "11"]
[EventCountry "UKR"]
[SourceTitle "CBM 135 Extra"]
[Source "ChessBase"]
[SourceDate "2010.05.04"]
[SourceVersion "1"]
[SourceVersionDate "2010.05.04"]
[SourceQuality "1"]

1. e4 c5 2. Nf3 e6 3. d3 Nc6 4. g3 d5 5. Nbd2 Bd6 6. Bg2 Nge7 7. 0-0 0-0 8. Nh4 f5 9. f4 fxe4 10. dxe4 c4 11. e5 Bc5+ 12. Kh1 b5 13. c3 a5 14. a3 Bd7 15. Ndf3 b4 16. axb4 axb4 17. Rxa8 Qxa8 18. Nd4 bxc3 19. bxc3 Qa5 20. Nxc6 Bxc6 21. Qg4 Bd7 22. Qf3 Nc6 23. Be3 Nxe5 24. Qh5 Nd3 25. Bxc5 Qxc5 26. Qe2 Rb8 27. Bh3 Rb2 28. Bxe6+ Kh8 29. Qg4 d4 0-1

[Event "UKR-ch U16 Girls"]
[Site "Lugansk"]
[Date "2010.03.23"]
[Round "1"]
[White "Torosjan, Asja"]
[Black "Usoltseva, Polina"]
[Result "1-0"]
[WhiteElo "1890"]
[BlackElo "1813"]
[PlyCount "39"]
[EventDate "2010.03.23"]
[EventType "tourn"]
[EventRounds "11"]
[EventCountry "UKR"]
[SourceTitle "CBM 135 Extra"]
[Source "ChessBase"]
[SourceDate "2010.05.04"]
[SourceVersion "1"]
[SourceVersionDate "2010.05.04"]
[SourceQuality "1"]

1. e4 d5 2. exd5 Nf6 3. d4 Nxd5 4. h3 g6 5. Nf3 Bg7 6. c4 Nb6 7. Nc3 0-0 8. Be3 Nc6 9. Qd2 e5 10. d5 Na5 11. b3 e4 12. Nd4 g5 13. Bxg5 Qe8 14. Ncb5 c5 15. Nc7 Qe5 16. Nxa8 Qxd4 17. Rd1 Nxa8 18. Qxa5 Qc3+ 19. Qxc3 Bxc3+ 20. Ke2 1-0

[Event "UKR-ch U18 Girls"]
[Site "Kiev"]
[Date "2010.02.03"]
[Round "11"]
[White "Usoltseva, Polina"]
[Black "Kolba, Anastasiya"]
[Result "1/2-1/2"]
[WhiteElo "1813"]
[BlackElo "1971"]
[PlyCount "69"]
[EventDate "2010.01.26"]
[EventType "swiss"]
[EventRounds "11"]
[EventCountry "UKR"]
[SourceTitle "CBM 134 Extra"]
[Source "ChessBase"]
[SourceDate "2010.03.03"]
[SourceVersion "1"]
[SourceVersionDate "2010.03.03"]
[SourceQuality "1"]

1. e4 d5 2. exd5 Qxd5 3. Nc3 Qd6 4. Nf3 Nf6 5. g3 c6 6. Bg2 Bg4 7. 0-0 e6 8. d3 Be7 9. a3 0-0 10. Ne4 Qd8 11. h3 Bh5 12. g4 Bg6 13. Ne5 Nbd7 14. Nxg6 hxg6 15. f4 Nc5 16. Nxf6+ Bxf6 17. Be3 Bd4 18. Qe2 Qd6 19. Rab1 Rad8 20. Kh1 Bxe3 21. Qxe3 Qd4 22. Qxd4 Rxd4 23. Kh2 a6 24. Kg3 Re8 25. Rfe1 Kf8 26. b3 Nd7 27. Re2 Nf6 28. Rbe1 Rdd8 29. Be4 Nxe4+ 30. Rxe4 Rd5 31. a4 Red8 32. Kf3 R5d6 33. R4e3 Rd4 34. Re4 R4d5 35. Re5 1/2-1/2

[Event "UKR-ch U18 Girls"]
[Site "Kiev"]
[Date "2010.02.01"]
[Round "9"]
[White "Usoltseva, Polina"]
[Black "Bezkorovaina, Marija"]
[Result "0-1"]
[WhiteElo "1813"]
[BlackElo "1871"]
[PlyCount "108"]
[EventDate "2010.01.26"]
[EventType "swiss"]
[EventRounds "11"]
[EventCountry "UKR"]
[SourceTitle "CBM 134 Extra"]
[Source "ChessBase"]
[SourceDate "2010.03.03"]
[SourceVersion "1"]
[SourceVersionDate "2010.03.03"]
[SourceQuality "1"]

1. e4 c5 2. d3 Nc6 3. Nf3 g6 4. g3 Bg7 5. Bg2 d6 6. c3 Nf6 7. 0-0 0-0 8. Nfd2 e5 9. f4 Ng4 10. Nf3 c4 11. Qd2 f5 12. h3 Qb6+ 13. Kh1 Nf6 14. exf5 Bxf5 15. dxc4 exf4 16. Nh4 f3 17. Bxf3 Bxh3 18. Bg2 Bxg2+ 19. Qxg2 Ng4 20. Bf4 Ne3 21. Bxe3 Rxf1+ 22. Qxf1 Qxe3 23. Qg1 Qe4+ 24. Ng2 Be5 25. Nd2 Qd3 26. Qe3 Qxe3 27. Nxe3 Bxg3 28. Ne4 Be5 29. Rd1 Rd8 30. b4 b6 31. Ng4 h5 32. Ngf2 Ne7 33. Nd3 Rc8 34. Nxe5 dxe5 35. Rd7 Kf8 36. Nd6 Rc6 37. b5 Rc5 38. Rxa7 Nf5 39. Nxf5 gxf5 40. Rb7 Rxc4 41. Rxb6 Kf7 42. Rh6 Rxc3 43. Rxh5 Kg6 44. Rh2 Rc1+ 45. Kg2 Rb1 46. Kf3 Rxb5 47. Re2 Kf6 48. Rc2 Ra5 49. Rb2 Ra3+ 50. Kf2 Kg5 51. Re2 Kf4 52. Rb2 e4 53. Re2 e3+ 54. Kg2 Kg4 0-1

[Event "UKR-ch sf U16 Girls"]
[Site "Nikolaev"]
[Date "2009.12.12"]
[Round "9"]
[White "Usoltseva, Polina"]
[Black "Engel, Alina"]
[Result "1/2-1/2"]
[WhiteElo "1830"]
[BlackElo "1723"]
[PlyCount "69"]
[EventDate "2009.12.04"]
[EventType "swiss"]
[EventRounds "9"]
[EventCountry "UKR"]
[SourceTitle "EXT 2011"]
[Source "ChessBase"]
[SourceDate "2010.11.26"]
[SourceVersion "1"]
[SourceVersionDate "2010.11.26"]
[SourceQuality "1"]

1. c4 c5 2. Nc3 b6 3. Nf3 Bb7 4. e4 e6 5. d4 cxd4 6. Nxd4 a6 7. Be3 Qc7 8. Be2 Nf6 9. f3 Bd6 10. g3 h5 11. a3 h4 12. Ndb5 axb5 13. Nxb5 Bxg3+ 14. hxg3 Qxg3+ 15. Bf2 Qe5 16. Nd6+ Ke7 17. Nxb7 Ra7 18. Qd6+ Qxd6 19. Nxd6 Kxd6 20. 0-0-0+ Kc6 21. e5 Ne8 22. Bxh4 Rg8 23. f4 d6 24. Bf3+ Kc7 25. Be7 dxe5 26. Bd8+ Kc8 27. Bxb6 Rd7 28. fxe5 f5 29. c5 g5 30. c6 Rxd1+ 31. Rxd1 Nc7 32. b4 g4 33. Bh1 f4 34. Rg1 Rg5 35. Bf3 1/2-1/2

[Event "UKR-ch sf U16 Girls"]
[Site "Nikolaev"]
[Date "2009.12.09"]
[Round "6"]
[White "Dudrova, Anastasia"]
[Black "Usoltseva, Polina"]
[Result "0-1"]
[WhiteElo "2112"]
[BlackElo "1830"]
[PlyCount "88"]
[EventDate "2009.12.04"]
[EventType "swiss"]
[EventRounds "9"]
[EventCountry "UKR"]
[SourceTitle "EXT 2011"]
[Source "ChessBase"]
[SourceDate "2010.11.26"]
[SourceVersion "1"]
[SourceVersionDate "2010.11.26"]
[SourceQuality "1"]

1. e4 d5 2. exd5 Nf6 3. d4 Nxd5 4. c4 Nb6 5. Nf3 g6 6. c5 Nd5 7. Bc4 Bg7 8. 0-0 0-0 9. Re1 Nc6 10. Nc3 Be6 11. Bf1 Bg4 12. Bc4 e6 13. Be3 Ndb4 14. a3 Bxf3 15. gxf3 Nd5 16. Bxd5 exd5 17. Rc1 Qh4 18. Nxd5 Nxd4 19. f4 Ne6 20. b4 c6 21. Nc3 Nxf4 22. Bxf4 Qxf4 23. Re4 Qf5 24. Qe1 Rad8 25. Qe3 Bd4 26. Qf4 Bxc3 27. Rxc3 Rd1+ 28. Kg2 Qd5 29. Qf3 h5 30. Ree3 Qg5+ 31. Qg3 Qf6 32. Qf3 Qg5+ 33. Qg3 Qd5+ 34. Qf3 Rd8 35. Qxd5 cxd5 36. Rcd3 Rxd3 37. Rxd3 f6 38. a4 Kf7 39. Kf3 Ke6 40. Kf4 g5+ 41. Ke3 Ke5 42. Rd4 f5 43. Kd3 f4 44. b5 Rc8 0-1

[Event "UKR-ch sf U16 Girls"]
[Site "Nikolaev"]
[Date "2009.12.07"]
[Round "4"]
[White "Bezkorovaina, Marija"]
[Black "Usoltseva, Polina"]
[Result "1/2-1/2"]
[WhiteElo "1843"]
[BlackElo "1830"]
[PlyCount "69"]
[EventDate "2009.12.04"]
[EventType "swiss"]
[EventRounds "9"]
[EventCountry "UKR"]
[SourceTitle "EXT 2011"]
[Source "ChessBase"]
[SourceDate "2010.11.26"]
[SourceVersion "1"]
[SourceVersionDate "2010.11.26"]
[SourceQuality "1"]

1. e4 d5 2. exd5 Nf6 3. d4 Nxd5 4. Nf3 g6 5. c4 Nb6 6. c5 Nd5 7. Bc4 Bg7 8. Qb3 c6 9. Nc3 0-0 10. 0-0 Nxc3 11. bxc3 b5 12. Bd3 Nd7 13. Be4 Qc7 14. a4 Nf6 15. Bd3 Be6 16. Qc2 a6 17. Bd2 Bd5 18. Ne5 Nd7 19. f4 e6 20. c4 bxc4 21. Bxc4 Bxc4 22. Qxc4 Nf6 23. Nd3 Nd5 24. f5 exf5 25. Bf4 Nxf4 26. Nxf4 Bh6 27. d5 Bxf4 28. Qxf4 Qxf4 29. Rxf4 cxd5 30. Rd4 Rfc8 31. Rc1 Rab8 32. Rxd5 Rc6 33. Rd6 Rbc8 34. Rd5 Rb8 35. Rd6 1/2-1/2

[Event "Geller Memorial op-A 5th"]
[Site "Odessa"]
[Date "2009.08.27"]
[Round "8"]
[White "Usanov, Maxim"]
[Black "Usoltseva, Polina"]
[Result "0-1"]
[WhiteElo "2194"]
[BlackElo "1813"]
[PlyCount "72"]
[EventDate "2009.08.20"]
[EventType "swiss"]
[EventRounds "9"]
[EventCountry "UKR"]
[SourceTitle "CBM 132 Extra"]
[Source "ChessBase"]
[SourceDate "2009.11.03"]
[SourceVersion "1"]
[SourceVersionDate "2009.11.03"]
[SourceQuality "1"]

1. e4 d5 2. exd5 Nf6 3. Bb5+ Bd7 4. Bc4 Bg4 5. f3 Bf5 6. Nc3 c6 7. dxc6 Nxc6 8. d3 e5 9. Be3 a6 10. a4 Nd4 11. Nge2 Bc5 12. Bxd4 Bxd4 13. Nxd4 Qxd4 14. Qd2 0-0 15. Qf2 b5 16. Bb3 Qb4 17. 0-0 Bxd3 18. Bxf7+ Rxf7 19. cxd3 Rd8 20. axb5 axb5 21. Qb6 Qd4+ 22. Qxd4 Rxd4 23. Ra8+ Rf8 24. Rxf8+ Kxf8 25. Nxb5 Rxd3 26. Nc3 Nd5 27. Rd1 Rxd1+ 28. Nxd1 Nb4 29. Kf2 Kf7 30. Ke3 Ke6 31. Nc3 h6 32. Ke4 g6 33. h4 Nc2 34. Nd5 Nd4 35. b4 Nb5 36. g4 Nd6+ 0-1

[Event "Geller Memorial op-A 5th"]
[Site "Odessa"]
[Date "2009.08.20"]
[Round "1"]
[White "Usoltseva, Polina"]
[Black "Goreskul, Alyona"]
[Result "0-1"]
[WhiteElo "1813"]
[BlackElo "2222"]
[PlyCount "60"]
[EventDate "2009.08.20"]
[EventType "swiss"]
[EventRounds "9"]
[EventCountry "UKR"]
[SourceTitle "CBM 132 Extra"]
[Source "ChessBase"]
[SourceDate "2009.11.03"]
[SourceVersion "1"]
[SourceVersionDate "2009.11.03"]
[SourceQuality "1"]

1. e4 c5 2. d3 Nc6 3. Nf3 g6 4. g3 Bg7 5. Bg2 d6 6. 0-0 Bd7 7. c3 e5 8. Be3 Nf6 9. Nbd2 Ng4 10. Nc4 Nxe3 11. Nxe3 0-0 12. Nd5 Kh8 13. a3 b5 14. b4 a5 15. Qd2 Ne7 16. Ne3 Bc6 17. Ne1 axb4 18. cxb4 Ra4 19. N1c2 Qa8 20. Qc3 Qa7 21. Nd1 f5 22. Nb2 Ra6 23. Rae1 Rc8 24. Qb3 Qb7 25. Re2 Rca8 26. Rfe1 fxe4 27. dxe4 c4 28. Qe3 d5 29. exd5 Nxd5 30. Qc5 Bf8 0-1

[Event "UKR-ch U16 Girls"]
[Site "Odessa"]
[Date "2009.03.28"]
[Round "10"]
[White "Rakhmangulova, Anastasiya"]
[Black "Usoltseva, Polina"]
[Result "1-0"]
[WhiteElo "2085"]
[BlackElo "1830"]
[PlyCount "91"]
[EventDate "2009.03.19"]
[EventType "tourn"]
[EventRounds "11"]
[EventCountry "UKR"]
[SourceTitle "CBM 129 Extra"]
[Source "ChessBase"]
[SourceDate "2009.05.05"]
[SourceVersion "2"]
[SourceVersionDate "2009.05.20"]
[SourceQuality "1"]

1. e4 d5 2. exd5 Nf6 3. Nf3 Nxd5 4. d4 g6 5. Be2 Bg7 6. 0-0 0-0 7. Nbd2 Nc6 8. c3 e5 9. dxe5 Nxe5 10. Nxe5 Bxe5 11. Nf3 Bg7 12. Qb3 Nb6 13. Bg5 Qd5 14. Qxd5 Nxd5 15. Rfd1 c6 16. a4 Re8 17. Bc4 Be6 18. Nd4 Nxc3 19. Nxe6 Nxd1 20. Nxg7 Re1+ 21. Bf1 Kxg7 22. Bd2 Re4 23. Rxd1 Rxa4 24. Bd3 Kg8 25. Bc3 Rd8 26. Kf1 c5 27. Re1 c4 28. Be4 Ra6 29. Bxb7 Re6 30. Rxe6 fxe6 31. Ba6 Kf7 32. Bxc4 Rc8 33. b3 Rc7 34. Ke2 Rd7 35. Ke3 Ke7 36. Ke4 Rc7 37. Bd4 Rb7 38. Ke5 h6 39. Bxe6 Rb5+ 40. Bd5 a5 41. Ke4 Kd6 42. Bc4 Rf5 43. g4 Rf8 44. f4 Re8+ 45. Be5+ Kc5 46. f5 1-0

[Event "UKR-ch U16 Girls"]
[Site "Odessa"]
[Date "2009.03.20"]
[Round "2"]
[White "Shvayger, Yuliya"]
[Black "Usoltseva, Polina"]
[Result "1-0"]
[WhiteElo "2160"]
[BlackElo "1830"]
[PlyCount "95"]
[EventDate "2009.03.19"]
[EventType "tourn"]
[EventRounds "11"]
[EventCountry "UKR"]
[SourceTitle "CBM 129 Extra"]
[Source "ChessBase"]
[SourceDate "2009.05.05"]
[SourceVersion "2"]
[SourceVersionDate "2009.05.20"]
[SourceQuality "1"]

1. e4 d5 2. exd5 Nf6 3. d4 Nxd5 4. c4 Nb6 5. c5 Nd5 6. Bc4 c6 7. Nc3 g6 8. Nf3 Bg7 9. 0-0 Bg4 10. h3 Bxf3 11. Qxf3 e6 12. Ne4 0-0 13. Rd1 h6 14. Rb1 b5 15. Bxd5 exd5 16. Nd6 Nd7 17. Bf4 Nf6 18. Qe3 Kh7 19. Re1 Ne4 20. Nxe4 dxe4 21. Bd6 Re8 22. Qb3 Qd7 23. d5 cxd5 24. Qxd5 Qe6 25. Qb7 a6 26. b3 Bd4 27. Rbd1 Qf6 28. Rxe4 Qxf2+ 29. Kh1 Ra7 30. Qd5 Rxe4 31. Qxe4 Bxc5 32. Bxc5 Qxc5 33. Rf1 Re7 34. Qa8 Qd6 35. Qf8 Qe6 36. b4 Rd7 37. a3 Qe7 38. Qc8 Qe2 39. Rg1 Rd6 40. Qc7 Rf6 41. Qb7 Qb2 42. Qe7 Kg7 43. Qe3 Re6 44. Qf3 Qe2 45. Qb7 Qd3 46. Qc7 Qxa3 47. Rf1 Rf6 48. Qe5 1-0

[Event "UKR-ch U16 Girls"]
[Site "Odessa"]
[Date "2009.03.19"]
[Round "1"]
[White "Petrova, Irina"]
[Black "Usoltseva, Polina"]
[Result "1-0"]
[WhiteElo "1985"]
[BlackElo "1830"]
[PlyCount "91"]
[EventDate "2009.03.19"]
[EventType "tourn"]
[EventRounds "11"]
[EventCountry "UKR"]
[SourceTitle "CBM 129 Extra"]
[Source "ChessBase"]
[SourceDate "2009.05.05"]
[SourceVersion "2"]
[SourceVersionDate "2009.05.20"]
[SourceQuality "1"]

1. d4 d5 2. c4 e6 3. Nf3 c6 4. Qc2 Nf6 5. g3 Bd6 6. Bg2 0-0 7. 0-0 Nbd7 8. b3 e5 9. dxe5 Nxe5 10. Bb2 Nxf3+ 11. Bxf3 dxc4 12. bxc4 Qe7 13. Nd2 Be5 14. Rab1 Rb8 15. Nb3 g6 16. Bxe5 Qxe5 17. Qb2 Qxb2 18. Rxb2 Be6 19. Na5 Nd7 20. Rfb1 Nc5 21. Nxc6 Rbe8 22. Nxa7 Ra8 23. Nb5 Bxc4 24. Rc1 Bxb5 25. Rxc5 Ba6 26. Rcc2 Rfc8 27. Rd2 Rab8 28. Rb6 Rc1+ 29. Kg2 Kg7 30. Rdb2 Ra8 31. Bxb7 Bxb7+ 32. Rxb7 Ra1 33. Rc2 R1xa2 34. Rcc7 Rf8 35. e4 h5 36. e5 Ra6 37. Re7 Kg8 38. f4 Rc6 39. Kh3 Ra6 40. Kh4 Rc6 41. Kg5 Ra6 42. e6 Ra5+ 43. Kh6 Rf5 44. exf7+ R5xf7 45. Rxf7 Rxf7 46. Rb8+ 1-0

[Event "UKR-ch U14 Girls"]
[Site "Kramatorsk"]
[Date "2009.03.09"]
[Round "8"]
[White "Usoltseva, Polina"]
[Black "Kolba, Anastasiya"]
[Result "0-1"]
[WhiteElo "1830"]
[BlackElo "1845"]
[PlyCount "62"]
[EventDate "2009.03.02"]
[EventType "tourn"]
[EventRounds "11"]
[EventCountry "UKR"]
[SourceTitle "CBM 129 Extra"]
[Source "ChessBase"]
[SourceDate "2009.05.05"]
[SourceVersion "2"]
[SourceVersionDate "2009.05.20"]
[SourceQuality "1"]

1. d4 c5 2. d5 e5 3. c4 f5 4. e4 d6 5. Nc3 Nf6 6. Qc2 g6 7. g3 Bg7 8. Bg2 0-0 9. Nge2 Nh5 10. Bd2 Na6 11. a3 f4 12. f3 g5 13. 0-0-0 Nc7 14. h4 g4 15. Qd3 fxg3 16. fxg4 Bxg4 17. Rdg1 Nf4 18. Qxg3 Nxe2+ 19. Nxe2 Qd7 20. Bh3 h5 21. Bxg4 hxg4 22. Qxg4 Rf1+ 23. Kc2 Qxg4 24. Rxg4 Rxh1 25. Rg6 Ne8 26. Bg5 Kf7 27. Re6 Bf6 28. Bxf6 Nxf6 29. Rxd6 Rxh4 30. Ng3 Rh2+ 31. Kb1 Rg8 0-1